000 00194 a2200097 4500
020 _a9789682416170
041 _aspa
100 _aHeuer, Margarita
245 _aHercules y la chispa
942 _cBK
999 _c31960
_d31958